000 006010000a22001810004500
003 MACL
005 20160224135911.0
008 160224b xxu||||| |||| 00| 0 eng d
040 _aMACL
_cMACL
041 _aHindi
082 _a800
100 _aपं किशोरीदास वाजपेयी शास्‍त्री
_940034
245 _aसाहित्‍यकी उपकमणिका
260 _bहिन्‍दी ग्रन्‍थ रत्‍नाकर
_c1932
_aबम्‍बई
350 _a1
650 _aLiteracture
_939932
942 _cHIN
_k800
_2ddc
999 _c24094
_d24094